MARC

Tag First Indicator Second Indicator Subfields
LEADER 00000cam a2200000 a 4500
001 in00002592607
005 20151201153402.0
008 100108s2010 inua b 001 0 eng
010 |a  2009053822 
015 |a GBB062281  |2 bnb 
016 7 |a 015556344  |2 Uk 
020 |a 9780253355072 (cloth : alk. paper) 
020 |a 0253355079 (cloth : alk. paper) 
020 |a 9780253222213 (pbk. : alk. paper) 
020 |a 0253222214 (pbk. : alk. paper) 
035 |a (OCoLC)ocn437301852 
035 |a (OCoLC)437301852 
040 |a DLC  |c DLC  |d YDX  |d BTCTA  |d YDXCP  |d UKM  |d UtOrBLW 
043 |a a-is---  |a cl----- 
049 |a TXAM 
050 0 0 |a JV8749.I8  |b K35 2010 
082 0 0 |a 323.1168/05694  |2 22 
100 1 |a Kalir, Barak. 
245 1 0 |a Latino migrants in the Jewish state :  |b undocumented lives in Israel /  |c Barak Kalir. 
264 1 |a Bloomington :  |b Indiana University Press,  |c [2010] 
264 4 |c ©2010 
300 |a xii, 262 pages :  |b illustrations ;  |c 24 cm. 
336 |a text  |b txt  |2 rdacontent 
337 |a unmediated  |b n  |2 rdamedia 
338 |a volume  |b nc  |2 rdacarrier 
504 |a Includes bibliographical references and index. 
650 0 |a Immigrants  |z Israel. 
650 0 |a Migrant labor  |z Israel. 
650 0 |a Latin Americans  |z Israel  |x Ethnic identity. 
650 0 |a Latin Americans  |z Israel  |x Government relations. 
650 0 |a Latin Americans  |x Cultural assimiation  |z Israel. 
650 0 |a Deportation  |z Israel  |x Government policy. 
650 0 |a Assimilation (Sociology)  |z Israel. 
651 0 |a Israel  |x Emigration and immigration. 
651 0 |a Israel  |x Ethnic relations. 
651 0 |a Israel  |x Politics and government. 
938 |a Baker and Taylor  |b BTCP  |n BK0008557970 
938 |a YBP Library Services  |b YANK  |n 3173718 
945 |a PromptCat  |b 42075 
946 |a stk 
947 |a A14840213349 
994 |a 92  |b TXA 
948 |a Cataloged  |b h  |c 2010/8/5  |d c  |e ibarton 
999 |a MARS 
999 f f |s fb7d64e8-68e9-368a-85ab-0aedb02cab60  |i f14f2372-af80-38e3-bbcd-8fa7661669ed  |t 0 
952 f f |p ric  |a Texas A&M University  |b Rellis Campus  |c Joint Library Facility  |d Remote Storage  |t 0  |e JV8749.I8 K35 2010  |h Library of Congress classification  |i unmediated -- volume  |m A14840213349 
998 f f |a JV8749.I8 K35 2010  |t 0  |l Remote Storage